International journal of behavioral medicine
| Autor Corporativo: | |
|---|---|
| Formato: | Electrónico Revista |
| Lenguaje: | inglés |
| Publicado: |
[Mahwah, NJ] :
L. Erlbaum Associates.
[New York] : Springer US |
| Materias: | |
| Acceso en línea: | Full text available from Research Library: 03/01/1997 to 12/31/2003 Full text available from Research Library: 01/01/2010 to 1 year ago |
MARC
| LEADER | 00000nas a2200000 a 4500 | ||
|---|---|---|---|
| 001 | ssj0005770 | ||
| 003 | WaSeSS | ||
| 005 | 20200512172242.0 | ||
| 006 | m d | ||
| 007 | cr n | ||
| 008 | 001030c19949999nyubr pss 0 a0eng c | ||
| 010 | |a 2001214562 | ||
| 016 | 7 | |a 012433433 |2 Uk | |
| 022 | |a 1532-7558 |l 1070-5503 |y 1070-5503 | ||
| 035 | |a (WaSeSS)ssj0005770 | ||
| 037 | |b Lawrence Erlbaum Associates, Inc., 10 Industrial Avenue, Mahwah, NJ 07430-2262 | ||
| 040 | |a F#A |b eng |e pn |c F#A |d NSD |d OCL |d OCLCQ |d PIT |d OCLCQ |d NSD |d OCLCQ |d VRC |d DLC |d UKMGB |d MYG |d OCLCQ |d SERSO |d OCLCQ |d OCLCF |d OCLCO |d OCLCQ |d OCLCO |d OCLCQ |d WT2 |d OCLCQ |d BUF |d OCLCQ |d TOF |d WYU |d VT2 |d U3W |d DLC |d OCLCQ |d OCLCO |d OCLCA |d WaSeSS | ||
| 042 | |a nsdp |a pcc | ||
| 050 | 0 | 0 | |a R726.5 |
| 082 | 1 | 0 | |a 616 |2 13 |
| 130 | 0 | |a International journal of behavioral medicine (Online) | |
| 210 | 0 | |a Int. j. behav. med. |b (Online) | |
| 222 | 0 | |a International journal of behavioral medicine |b (Online) | |
| 245 | 1 | 0 | |a International journal of behavioral medicine |h [electronic resource]. |
| 260 | |a [Mahwah, NJ] : |b L. Erlbaum Associates. | ||
| 260 | 3 | |3 2009- : |a [New York] : |b Springer US | |
| 310 | |a Bimonthly, |b 2014- | ||
| 321 | |a Quarterly | ||
| 362 | 1 | |a Print began with vol. 1, no. 1, published in 1994. | |
| 506 | |a License restrictions may limit access. | ||
| 525 | |a Spearately numbered supplements accompany some nos. | ||
| 538 | |a Mode of access: World Wide Web. | ||
| 550 | |a Official Journal of the International Society of Behavioral Medicine. | ||
| 588 | 0 | |a Vol. 7, no. 1 (Aug. 2000); title from journal information screen (viewed Oct. 26, 2000). | |
| 588 | 1 | |a Vol. 26, no. 4 (Aug. 2019) (SpringerLink website, viewed Aug. 12, 2019). | |
| 650 | 0 | |a Medicine and psychology |v Periodicals. | |
| 650 | 0 | |a Sick |x Psychology |v Periodicals. | |
| 650 | 2 | |a Behavioral Medicine. | |
| 650 | 2 | |a Disease |x psychology. | |
| 650 | 7 | |a Medicine and psychology. |2 fast |0 (OCoLC)fst01015154 | |
| 650 | 7 | |a Sick |x Psychology. |2 fast |0 (OCoLC)fst01118051 | |
| 655 | 0 | |a Electronic journals. | |
| 710 | 2 | |a International Society of Behavioral Medicine. | |
| 776 | 1 | |t International journal of behavioral medicine |x 1070-5503 |w (DLC) 94649708 |w (OCoLC)28407276 | |
| 850 | |a DLC | ||
| 856 | 4 | 0 | |z Full text available from Research Library: 03/01/1997 to 12/31/2003 |u https://search.proquest.com/publication/46406 |
| 856 | 4 | 0 | |z Full text available from Research Library: 01/01/2010 to 1 year ago |u https://search.proquest.com/publication/46406 |